000 00958nam a22003017a 4500
003 CHAP
005 20220329133307.0
008 971013s1988 r 00010 d
010 _a4465
011 _a5437
035 _a4644
040 _cCHAP
082 _a551.4
_bL8
100 0 0 _aLugo Hubp, José I.
_968940
245 _aElementos de geomorfología aplicada
_b: métodos cartográficos
260 _aMéxico, D.F. :
_bUniversidad Nacional Autónoma de México. Instituto de Geografía,
_c1988
300 _a128 p.
_b: ilus.
500 _a1992-308
590 _aBATCH-UPD
_b10
_c20130110
_lUCH01
_h1844
590 _aBATCH-UPD
_b10
_c20130410
_lUCH01
_h1214
590 _aBATCH-UPD
_b10
_c20130914
_lUCH01
_h0853
590 _aCONVERSION
_b10
_c20130109
_lUCH01
_h1304
650 1 4 _aCartografía.
_919644
650 1 4 _aGeografía física.
_947590
901 _aBK
942 _cLIBRO
949 _a551.4 L8
_bBC
_cLIBRO
_d33724000414603
_eLIBRO
_h80081
_i4644
_si
999 _c4465
_d4465